Statistics for Game of the Year Winners (2014-2022)

Click here to take the quiz!

General Stats

  • This quiz has been taken 19 times
  • The average score is 5 of 9

Answer Stats

HintAnswer% Correct
2022Eldin Ring
95%
2018God of War
95%
2020The Last of Us Part 2
68%
2016Overwatch
63%
2021It Takes Two
58%
2019Sekiro: Shadows Die Twice
58%
2017The Legend of Zelda: Breath of the Wild
58%
2014The Witcher 3: Wild Hunt
26%
2015Bloodbourne
21%

Score Distribution

Percentile by Number Answered

Percent of People with Each Score

Your Score History

You have not taken this quiz